Jsem? /

Šestý soubor básnických textů renomovaného českého sochaře, architekta a pedagoga je odrazem autorovy duchovní podstaty, kladoucí si jednu ze základních otázek o lidském bytí.

Hlavní autor: Cigler, Václav, 1929-2026
Jazyk: Čeština
Vydáno: Praha : Michal Motyčka, 2020
Vydání: Vydání první
Témata:
Fyzický popis: 50 stran ; 20 cm
Knihy
Uloženo v:
LEADER 02158nam a2200373 i 4500
001 nkc20203275110
003 CZ PrNK
005 20210201114428.0
007 ta
008 201208s2020 xr g 000 p cze
015 |a cnb003275110 
020 |a 978-80-907497-8-8  |q (brožováno) 
035 |a (OCoLC)1240909150 
040 |a ABG001  |b cze  |d ABA001  |e rda 
072 7 |a 821.162.3-1  |x Česká poezie  |2 Konspekt  |9 25 
080 |a 821.162.3-1  |2 MRF 
080 |a (0:82-1)  |2 MRF 
100 1 |a Cigler, Václav,  |d 1929-2026  |7 jn20000400417  |4 aut 
245 1 0 |a Jsem? /  |c Václav Cigler 
250 |a Vydání první 
264 1 |a Praha :  |b Michal Motyčka,  |c 2020 
300 |a 50 stran ;  |c 20 cm 
336 |a text  |b txt  |2 rdacontent 
337 |a bez média  |b n  |2 rdamedia 
338 |a svazek  |b nc  |2 rdacarrier 
500 |a 500 výtisků 
520 2 |a Šestý soubor básnických textů renomovaného českého sochaře, architekta a pedagoga je odrazem autorovy duchovní podstaty, kladoucí si jednu ze základních otázek o lidském bytí.  |b Otázka položená v titulu tohoto souboru je vyslovena přímočaře, nicméně odpověď na ni není tak jednoduchá, jak se na první pohled zdá. Základní premisou, z níž autor vychází, je totiž pochybnost spočívající především v tom, jak chápat a rozumět vlastnímu sebeuvědomování a tím i podstatě své existence. Jeden z nejnaléhavějších dotazů by tedy mohl znít: kdo vůbec jsem? "Jsem tvor zrcadel," vyslovuje autor třeba jednu z hypotéz, protože se může pohybovat v reálném prostoru, ale i na místech předpokládaných možností, ve světě, "v němž se vše vzájemně překrývá a umocňuje". I proto je člověk bytostí, která prochází nejrůznějšími procesy proměn, od blouznění k poznání a k vědomí vyššího řádu, jenž ji ovšem svými horizonty vysoce přesahuje. 
655 7 |a česká poezie  |7 fd133958  |2 czenas 
655 9 |a Czech poetry  |2 eczenas 
910 2 |a BOA001  |b 1-1456.555 
990 |a BK 
995 |a 01 
991 |b 202101  |c NOV 
996 6 |b 2610844801  |c 1-1456.555  |l MZK  |r Sklad / do 1 hodiny  |n 0  |p p.v.  |w 001837323  |u 000010  |a 1  |e BOA001  |j MZK50  |s P